Những ngôi chùa nỗi tiếng ở Thành phố Hồ Chí Minh = Famous Buddhist temples in Ho Chi Minh City

Wedi'i Gadw mewn:
Manylion Llyfryddiaeth
Prif Awdur: Trương, Ngọc Tường
Fformat: Llyfr
Iaith:Undetermined
Cyhoeddwyd: Hà Nội Trẻ 2006
Pynciau:
Tagiau: Ychwanegu Tag
Dim Tagiau, Byddwch y cyntaf i dagio'r cofnod hwn!
Thư viện lưu trữ: Trung tâm Học liệu Trường Đại học Cần Thơ
LEADER 00772nam a2200229Ia 4500
001 CTU_129264
008 210402s9999 xx 000 0 und d
020 |c 62000 
082 |a 294.34 
082 |b T561 
100 |a Trương, Ngọc Tường 
245 0 |a Những ngôi chùa nỗi tiếng ở Thành phố Hồ Chí Minh = 
245 0 |b Famous Buddhist temples in Ho Chi Minh City 
245 0 |c Trương Ngọc Tường, Võ Văn Tường 
260 |a Hà Nội 
260 |b Trẻ 
260 |c 2006 
650 |a Priests, Buddhist,Temples, Buddhist 
650 |x Biography 
650 |z Viet Nam,Ho Chi Minh City,Viet Nam,Ho Chi Minh City 
904 |i Tuyến 
980 |a Trung tâm Học liệu Trường Đại học Cần Thơ